| 000 | 00969nam a2200205 4500 | ||
|---|---|---|---|
| 001 | 153 | ||
| 003 | GR-kaGGEEl | ||
| 005 | 20220622205022.0 | ||
| 035 | _a3392 | ||
| 090 | _a153 | ||
| 100 | _a20080415d |||y0grey50 ga | ||
| 200 | 1 |
_aΑποτελέσματα εκλογών δημοτικών και κοινοτικών αρχών της 30ης Μαρτίου 1975 και επαναληπτικών της 6ης Απριλίου 1975 κατά δήμους και κοινότητες άνω των 2000 κατοίκων _fΕλληνική Δημοκρατία. Υπουργείο Εσωτερικών |
|
| 210 |
_aΑθήνα _cΕθνικό Τυπογραφείο _d1978 |
||
| 606 | 1 |
_aΕκλογές _912120 |
|
| 676 |
_a324.9 _v19 |
||
| 710 | 0 | 2 |
_4070 _aΕλληνική Δημοκρατία _bΥπουργείο Εσωτερικών _912971 |
| 712 | 0 | 2 |
_4650 _aΕθνικό Τυπογραφείο |
| 942 | _cBK | ||